Statistics for WWE European Champions

Click here to take the quiz!

General Stats

  • This quiz has been taken 1,777 times
    (1,089 since last reset)
  • The average score is 19 of 27

Answer Stats

Title ReignsLast WonChampion% Correct
21998Triple H
91%
11997Shawn Michaels
86%
12000Kurt Angle
82%
11998Owen Hart
82%
12001Christian
81%
12002Jeff Hardy
81%
12000Chris Jericho
80%
12001Matt Hardy
80%
42002William Regal
80%
41999D'Lo Brown
79%
21999The British Bulldog
79%
21998X-Pac
79%
22001Eddie Guerrero
78%
12002Rob Van Dam
78%
11999Shane McMahon
73%
12001Test
73%
11999Mark Henry
67%
11999Jeff Jarrett
64%
12002Spike Dudley
61%
11999Val Venis
61%
12000Crash Holly
60%
12000Perry Saturn
59%
12000Al Snow
57%
12001Bradshaw
51%
12002Diamond Dallas Page
51%
11999Mideon
47%
12001The Hurricane
45%

Score Distribution

Percentile by Number Answered

Percent of People with Each Score

Your Score History

You have not taken this quiz since the last reset